000
00262nam a22001217a 4500
008
170714b xxu||||| |||| 00| 0 eng d
041
_a
eng
080
_a
82
100
_a
23
101
_a
GJL
245
_a
FLORILEGIUM VOLUMBIANUM
_c
SELIG, K.L
942
_2
udc
_c
BK
999
_c
20807
_d
20807